000 00629nam a2200193 4500
001 121716
003 ES-MaACL
005 20250809063315.0
007 t|
008 070214s1942 sp r ||||1| spa d
100 1 _aPlaza, Manuel de la.
_992622
245 1 0 _aDerecho procesal civil espaƱol /
_cManuel de la Plaza.
260 _aMadrid :
_bRevista de Derecho Privado,
_c1942.
300 _a2 v. ;
_c23 cm.
490 1 _aRevista de Derecho Privado. Serie G. Manuales de Derecho ;
_v8
830 0 0 _aRevista de derecho privado
_v8
_9232247
852 _aES-MaACL
_jF-15550-51
_bR.19532
999 _c121716
_d121716